| 000 | 00436nam a2200121 a 4500 | ||
|---|---|---|---|
| 005 | 20140414131939.0 | ||
| 008 | 110125s19uu xx 00 eng d | ||
| 050 |
_aTR 372.7 _bB11 2001 |
||
| 100 | _aBamberger, Honi | ||
| 245 |
_aGreat Glyphs around the year : _b15 month-by-month activities that motivate kids to collect, display and use data- and have fun learning Math!. |
||
| 260 |
_aNew York : _bScholastic , _c2001. |
||
| 999 |
_c112533 _d112533 |
||